Famous Mariachi Singers and Bands - Statistics

General Stats
  • This quiz has been taken 5 times
  • The average score is 10 of 16
Answer Stats
Hint Answer % Correct
Como Quien Pierde Una Estrella Alejandro Fernandez
100%
Un Millón De Primaveras Vicente Fernandez
100%
Te Amaré Alex Fernandez
75%
Amor Eterno Juan Gabriel
75%
El Son De La Negra Mariachi Vargas
75%
La De La Mochila Azul Pedro Fernandez
75%
Cien Años Pedro Infante
75%
El Hijo Desobediente Antonio Aguilar
50%
Caminos De Michoacán Federico Villa
50%
Canta, Canta, Canta Jose Alfredo Jimenez
50%
A Ti Virgencita Miriam Solis
50%
Directo Al Corazón Pepe Aguilar
50%
Me Gustas Mucho Rocío Dúrcal
50%
Las Margaritas Beatriz Adriana
25%
El Jinete Jorge Negrete
25%
Canción Del Mariachi Mariachi Los Caballeros
25%
No matching quizzes found
Score Distribution
Percent of People with Each Score
Percentile by Number Answered
Your Score History
You have not taken this quiz